[Event "ESP-chT CECLUB Div1"]
[Site "Linares"]
[Date "2023.08.23"]
[Round "4.3"]
[White "Ladron de Guevara Pinto, Paolo"]
[Black "Cruz Alvarez de Ron, Dan"]
[Result "1-0"]
[WhiteElo "2411"]
[BlackElo "2126"]
[PlyCount "49"]
[EventDate "2023.08.20"]
[EventType "team-tourn"]
[EventRounds "7"]
[EventCountry "ESP"]
[SourceTitle "CBM 215 Extra"]
[Source "ChessBase"]
[SourceDate "2023.09.30"]
[SourceVersion "1"]
[SourceVersionDate "2023.09.30"]
[SourceQuality "1"]
[WhiteTeam "Benalmadena Medio Ambiente"]
[BlackTeam "Sanxenxo Fontecarmoa"]
[WhiteTeamCountry "ESP"]
[BlackTeamCountry "ESP"]

1. e4 g6 2. d4 Bg7 3. Nc3 d6 4. Be3 a6 5. Qd2 b5 6. h4 Nd7 7. h5 c5 8. f3 Bb7 9. Nge2 Nb6 10. Ng3 Qc7 11. d5 0-0-0 12. a4 b4 13. Nd1 e6 14. a5 Nxd5 15. exd5 exd5 16. c3 bxc3 17. bxc3 Re8 18. Be2 Ne7 19. h6 Be5 20. f4 Bf6 21. 0-0 Nc6 22. Qxd5 Nd4 23. Bxa6 Bxa6 24. Qa8+ Kd7 25. Qxa6 1-0

[Event "ESP-ch rapid"]
[Site "Linares"]
[Date "2019.08.24"]
[Round "2"]
[White "Diaz Camallonga, Carles"]
[Black "Cruz Alvarez de Ron, Dan"]
[Result "1-0"]
[WhiteElo "2436"]
[BlackElo "2125"]
[PlyCount "81"]
[EventDate "2019.08.24"]
[EventType "swiss (rapid)"]
[EventRounds "9"]
[EventCountry "ESP"]
[SourceTitle "EXT 2020"]
[Source "ChessBase"]
[SourceDate "2019.10.17"]
[SourceVersion "1"]
[SourceVersionDate "2019.10.17"]
[SourceQuality "1"]

1. e4 g6 2. d4 Bg7 3. Nf3 d6 4. Bc4 e6 5. 0-0 Ne7 6. Re1 a6 7. a4 b6 8. Nbd2 Bb7 9. Nf1 Nd7 10. Ng3 h6 11. c3 0-0 12. Bd3 e5 13. Be3 d5 14. Nxe5 Nxe5 15. dxe5 dxe4 16. Bxe4 Bxe4 17. Nxe4 Bxe5 18. Bxh6 Re8 19. Bg5 Qxd1 20. Raxd1 Nf5 21. f4 Bg7 22. g4 Nd6 23. Nxd6 Rxe1+ 24. Rxe1 cxd6 25. Kf2 b5 26. axb5 axb5 27. Be7 Ra4 28. Bxd6 f5 29. h3 Ra2 30. Re2 Ra1 31. Be5 Bf8 32. Bd4 fxg4 33. hxg4 Bd6 34. Re6 Bxf4 35. Rxg6+ Kh7 36. Rb6 Ra5 37. b4 Ra2+ 38. Kf3 Bd2 39. Rxb5 Ra3 40. Rc5 Rb3 41. Ke4 1-0

[Event "Sanxenxo Carlos op 10th"]
[Site "Sanxenxo"]
[Date "2018.06.24"]
[Round "9"]
[White "Cruz Alvarez de Ron, Dan"]
[Black "Alvarez Fernandez, Enrique"]
[Result "1/2-1/2"]
[WhiteElo "2152"]
[BlackElo "2282"]
[PlyCount "62"]
[EventDate "2018.06.16"]
[EventType "swiss"]
[EventRounds "9"]
[EventCountry "ESP"]
[SourceTitle "CBM 185 Extra"]
[Source "ChessBase"]
[SourceDate "2018.07.29"]
[SourceVersion "1"]
[SourceVersionDate "2018.07.29"]
[SourceQuality "1"]

1. d4 d5 2. c4 c6 3. cxd5 cxd5 4. Nc3 Nf6 5. Bf4 Nc6 6. e3 a6 7. Nf3 Bg4 8. h3 Bxf3 9. Qxf3 e6 10. Bd3 Bd6 11. 0-0 Bxf4 12. Qxf4 Qb8 13. Qxb8+ Rxb8 14. Rac1 Ke7 15. Rfd1 Rbc8 16. Kf1 Na7 17. Ke1 h6 18. Ne2 Rxc1 19. Rxc1 Rc8 20. Rc3 Kd6 21. Rxc8 Nxc8 22. Nc3 Kc6 23. h4 Nd6 24. g3 Nfe4 25. Bxe4 Nxe4 26. Nxe4 dxe4 27. Kd2 Kd5 28. Kc3 b6 29. Kb4 Kc6 30. Kc4 Kd6 31. Kb4 Kc6 1/2-1/2

[Event "ESP-ch rapid"]
[Site "Linares"]
[Date "2017.08.13"]
[Round "4"]
[White "Alonso Moyano, Jonathan"]
[Black "Cruz Alvarez de Ron, Dan"]
[Result "1-0"]
[WhiteElo "2404"]
[BlackElo "2139"]
[PlyCount "61"]
[EventDate "2017.08.13"]
[EventType "swiss (rapid)"]
[EventRounds "9"]
[EventCountry "ESP"]
[SourceTitle "CBM 179 Extra"]
[Source "ChessBase"]
[SourceDate "2017.08.23"]
[SourceVersion "1"]
[SourceVersionDate "2017.08.23"]
[SourceQuality "1"]

1. e4 g6 2. Nc3 c6 3. d4 Bg7 4. f4 d5 5. e5 Nh6 6. Nf3 0-0 7. Bd3 Bg4 8. 0-0 f6 9. exf6 exf6 10. h3 Bf5 11. g4 Bxd3 12. Qxd3 f5 13. g5 Nf7 14. Ne5 Nd6 15. h4 Ne4 16. Kg2 Na6 17. Be3 Nc7 18. h5 Bxe5 19. dxe5 Ne6 20. Ne2 Ng7 21. hxg6 hxg6 22. c4 Ne6 23. Rad1 Rc8 24. Rh1 Kg7 25. cxd5 Qxd5 26. Qxd5 cxd5 27. Nd4 Rfe8 28. Nxe6+ Rxe6 29. Rxd5 Rc2+ 30. Kf3 Rc7 31. Rd8 1-0

[Event "ESP-chT CECLUB Div2"]
[Site "Linares"]
[Date "2017.08.11"]
[Round "6.7"]
[White "Gonzalez Aguirre, Luis"]
[Black "Cruz Alvarez de Ron, Dan"]
[Result "0-1"]
[WhiteElo "2119"]
[BlackElo "2139"]
[PlyCount "136"]
[EventDate "2017.08.08"]
[EventType "team"]
[EventRounds "7"]
[EventCountry "ESP"]
[SourceTitle "CBM 179 Extra"]
[Source "ChessBase"]
[SourceDate "2017.08.23"]
[SourceVersion "1"]
[SourceVersionDate "2017.08.23"]
[SourceQuality "1"]
[WhiteTeam "Ateneo Maritimo"]
[BlackTeam "Sanxenxo Fontecarmoa"]
[WhiteTeamCountry "ESP"]
[BlackTeamCountry "ESP"]

1. c4 Nf6 2. Nf3 c5 3. Nc3 e6 4. g3 b6 5. Bg2 Bb7 6. 0-0 Be7 7. b3 0-0 8. Bb2 d5 9. cxd5 Nxd5 10. Nxd5 Bxd5 11. d4 Bf6 12. e3 Nc6 13. Re1 Be4 14. Qe2 cxd4 15. exd4 Bd5 16. Red1 Rc8 17. Rac1 Bxf3 18. Bxf3 Nxd4 19. Bxd4 Rxc1 20. Rxc1 Bxd4 21. Qc4 Qf6 22. Kg2 a5 23. Rc2 Bc5 24. Rd2 g6 25. Qe4 Kg7 26. Re2 Bd4 27. Rd2 Bc5 28. Re2 Rd8 29. Qe5 Rd3 30. Qxf6+ Kxf6 31. Be4 Rd1 32. Bc6 Ke7 33. Bb5 Kd6 34. Be8 Ke7 35. Bb5 h6 36. h4 Bd4 37. Kf3 Rc1 38. Rd2 e5 39. Bc4 Rc3+ 40. Kg2 a4 41. Bd5 a3 42. Be4 Rc1 43. Rc2 Ra1 44. Bd5 Rb1 45. Be4 Rb2 46. g4 Bc5 47. Kf3 Ke6 48. g5 h5 49. Re2 Kd6 50. Bd3 Bd4 51. Be4 Ke6 52. Bd3 f5 53. gxf6 Kxf6 54. Be4 g5 55. hxg5+ Kxg5 56. Bd3 h4 57. Kg2 Kh5 58. Kf3 Kg5 59. Kg2 Kf6 60. Kf3 Ke6 61. Kg2 Kd6 62. f3 Kd5 63. Kh3 Bf2 64. Kg2 Kd4 65. Bb5 Bg3 66. Ba6 Kc3 67. Bc4 Rxe2+ 68. Bxe2 Kb2 0-1

[Event "Pontevedra op 4th"]
[Site "Pontevedra"]
[Date "2015.12.28"]
[Round "4"]
[White "Strikovic, Aleksa"]
[Black "Cruz Alvarez de Ron, Dan"]
[Result "1-0"]
[WhiteElo "2505"]
[BlackElo "2192"]
[PlyCount "49"]
[EventDate "2015.12.26"]
[EventType "swiss"]
[EventRounds "9"]
[EventCountry "ESP"]
[SourceTitle "CBM 170 Extra"]
[Source "ChessBase"]
[SourceDate "2016.02.25"]
[SourceVersion "1"]
[SourceVersionDate "2016.02.25"]
[SourceQuality "1"]

1. c4 f5 2. Nf3 Nf6 3. g3 g6 4. b3 Bg7 5. Bb2 d6 6. d4 c6 7. Bg2 0-0 8. 0-0 Nbd7 9. Nbd2 e5 10. dxe5 Ng4 11. Qc2 dxe5 12. e4 Qe7 13. h3 Nh6 14. exf5 gxf5 15. Rfe1 e4 16. Nd4 Ne5 17. f4 exf3 18. N2xf3 Nxf3+ 19. Nxf3 Qc5+ 20. Kh1 f4 21. Bxg7 Kxg7 22. Qb2+ Rf6 23. Re5 Qd6 24. gxf4 Nf7 25. Rae1 1-0

[Event "Sanxenxo Carlos op 7th"]
[Site "Sanxenxo"]
[Date "2015.06.26"]
[Round "7"]
[White "Cruz Alvarez de Ron, Dan"]
[Black "Abal Cores, Lucas"]
[Result "1/2-1/2"]
[WhiteElo "2181"]
[BlackElo "2373"]
[PlyCount "61"]
[EventDate "2015.06.20"]
[EventType "swiss"]
[EventRounds "9"]
[EventCountry "ESP"]
[SourceTitle "CBM 167 Extra"]
[Source "ChessBase"]
[SourceDate "2015.09.14"]
[SourceVersion "1"]
[SourceVersionDate "2015.09.14"]
[SourceQuality "1"]

1. Nf3 Nf6 2. c4 e6 3. g3 b6 4. Bg2 Bb7 5. 0-0 c5 6. Nc3 Be7 7. b3 0-0 8. d4 cxd4 9. Qxd4 d6 10. Rd1 a6 11. Ng5 Bxg2 12. Kxg2 Nc6 13. Qd2 Qc7 14. Bb2 Rfd8 15. Rac1 h6 16. Nge4 Ne8 17. Nd5 Qb7 18. Nxe7+ Nxe7 19. f3 d5 20. cxd5 Rxd5 21. Qf4 e5 22. Qe3 Nf5 23. Qf2 Rad8 24. Nc3 Rd4 25. e4 Ne7 26. Nd5 Rxd1 27. Rxd1 Nxd5 28. Rxd5 Rxd5 29. exd5 Qxd5 30. Qxb6 e4 31. Qe3 1/2-1/2

[Event "Lisbon Christmas op"]
[Site "Lisbon"]
[Date "2014.12.30"]
[Round "9"]
[White "Dias, Paulo Jorge Guimara"]
[Black "Cruz Alvarez de Ron, Dan"]
[Result "1-0"]
[WhiteElo "2421"]
[BlackElo "2222"]
[PlyCount "67"]
[EventDate "2014.12.26"]
[EventType "swiss"]
[EventRounds "9"]
[EventCountry "POR"]
[SourceTitle "CBM 164 Extra"]
[Source "ChessBase"]
[SourceDate "2015.03.02"]
[SourceVersion "1"]
[SourceVersionDate "2015.03.02"]
[SourceQuality "1"]

1. d4 d5 2. c4 dxc4 3. Nf3 Nf6 4. e3 e6 5. Bxc4 c5 6. 0-0 a6 7. Bb3 b5 8. a4 Bb7 9. axb5 axb5 10. Rxa8 Bxa8 11. Qe2 Qb6 12. dxc5 Bxc5 13. Nc3 b4 14. Na4 Qa5 15. Nxc5 Qxc5 16. Bd2 0-0 17. Rc1 Qb6 18. Nd4 Ne4 19. Be1 Nc5 20. Bc4 Nc6 21. Nxc6 Qxc6 22. f3 Qb6 23. Bf2 Qa5 24. e4 Nd7 25. Bb3 Bb7 26. h3 Nf6 27. Qc4 Qg5 28. Rd1 Nh5 29. h4 Qg6 30. Qxb4 Nf4 31. Qxf8+ Kxf8 32. Bc5+ Ke8 33. Ba4+ Bc6 34. Bxc6# 1-0

[Event "Lisbon Christmas op"]
[Site "Lisbon"]
[Date "2014.12.27"]
[Round "2"]
[White "Damaso, Rui"]
[Black "Cruz Alvarez de Ron, Dan"]
[Result "1-0"]
[WhiteElo "2425"]
[BlackElo "2222"]
[PlyCount "56"]
[EventDate "2014.12.26"]
[EventType "swiss"]
[EventRounds "9"]
[EventCountry "POR"]
[SourceTitle "CBM 164 Extra"]
[Source "ChessBase"]
[SourceDate "2015.03.02"]
[SourceVersion "1"]
[SourceVersionDate "2015.03.02"]
[SourceQuality "1"]

1. d4 Nf6 2. Bg5 d5 3. e3 Ne4 4. Bf4 c5 5. Bd3 cxd4 6. exd4 Nf6 7. c3 Nc6 8. Nd2 g6 9. Ngf3 Bg7 10. 0-0 0-0 11. Re1 Nh5 12. Be3 Qc7 13. Nb3 Rb8 14. Qd2 f5 15. Bh6 Bxh6 16. Qxh6 Nf6 17. Bb5 Nd8 18. Rac1 Nf7 19. Qe3 Nd6 20. Bf1 Nfe4 21. Qf4 Bd7 22. c4 Ne8 23. Qh4 N8f6 24. cxd5 Qd6 25. Nc5 Nxd5 26. Nxe4 fxe4 27. Ng5 Nf6 28. Nxe4 Bc6 1-0

[Event "Lisbon Christmas op"]
[Site "Lisbon"]
[Date "2014.12.26"]
[Round "1"]
[White "Cruz Alvarez de Ron, Dan"]
[Black "Socko, Monika"]
[Result "1-0"]
[WhiteElo "2222"]
[BlackElo "2470"]
[PlyCount "65"]
[EventDate "2014.12.26"]
[EventType "swiss"]
[EventRounds "9"]
[EventCountry "POR"]
[SourceTitle "CBM 164 Extra"]
[Source "ChessBase"]
[SourceDate "2015.03.02"]
[SourceVersion "1"]
[SourceVersionDate "2015.03.02"]
[SourceQuality "1"]

1. e4 e6 2. d4 d5 3. Nc3 Bb4 4. e5 c5 5. Bd2 Ne7 6. a3 Bxc3 7. Bxc3 b6 8. Qg4 0-0 9. Nf3 Ba6 10. Bxa6 Nxa6 11. 0-0-0 Rc8 12. h4 Qc7 13. h5 h6 14. Rh3 Nf5 15. Kb1 Kh8 16. Qf4 cxd4 17. Nxd4 Nxd4 18. Rxd4 Nc5 19. f3 f6 20. exf6 Rxf6 21. Qd2 Rd8 22. Rh1 Rf5 23. Rh3 Qf7 24. g4 Rxf3 25. Rxf3 Qxf3 26. Rf4 Qh1+ 27. Ka2 Rd7 28. Rf8+ Kh7 29. Qf4 Rb7 30. Bxg7 Rxg7 31. Qb8 Rg8 32. Rxg8 Nd7 33. Qe8 1-0

[Event "ESP-chT CECLUB Div2"]
[Site "Linares"]
[Date "2014.08.22"]
[Round "6.3"]
[White "Tudela Corbalan, Carlos"]
[Black "Cruz Alvarez de Ron, Dan"]
[Result "0-1"]
[WhiteElo "2189"]
[BlackElo "2220"]
[PlyCount "92"]
[EventDate "2014.08.18"]
[EventType "team-swiss"]
[EventRounds "6"]
[EventCountry "ESP"]
[SourceTitle "CBM 162 Extra"]
[Source "ChessBase"]
[SourceDate "2014.10.17"]
[SourceVersion "1"]
[SourceVersionDate "2014.10.17"]
[SourceQuality "1"]
[WhiteTeam "Totana"]
[BlackTeam "Fontecarmoa CC"]
[WhiteTeamCountry "ESP"]
[BlackTeamCountry "ESP"]

1. e4 g6 2. d4 Bg7 3. Nc3 c6 4. Bc4 d5 5. exd5 b5 6. Bb3 b4 7. Nce2 cxd5 8. Nf3 Nf6 9. 0-0 0-0 10. a3 bxa3 11. Rxa3 Nc6 12. Ne5 Bb7 13. Nf4 e6 14. Nxc6 Bxc6 15. Nd3 Nd7 16. c3 Bb5 17. Re1 Qb6 18. h4 Rfc8 19. Bc2 Bf8 20. Ra1 Bxd3 21. Bxd3 Bg7 22. Qf3 a5 23. h5 a4 24. Rb1 Qc6 25. Bd2 e5 26. c4 exd4 27. cxd5 Qf6 28. Qg3 Qd8 29. hxg6 hxg6 30. Bb5 Nf6 31. Bc6 Rab8 32. Bg5 Qa5 33. Bxf6 Bxf6 34. Qf4 Kg7 35. g4 g5 36. Qe4 a3 37. bxa3 Qxa3 38. Rbd1 Rh8 39. Rd3 Qd6 40. Rf3 Rb2 41. Rg3 Rh4 42. Kg2 Qb4 43. Rd1 Rb3 44. Rdd3 Rxd3 45. Rxd3 Qb1 46. Kg3 Qf1 0-1

[Event "Pontevedra op 2nd"]
[Site "Pontevedra"]
[Date "2014.08.10"]
[Round "5"]
[White "Ares Campo, Iria"]
[Black "Cruz Alvarez de Ron, Dan"]
[Result "0-1"]
[WhiteElo "1931"]
[BlackElo "2220"]
[PlyCount "94"]
[EventDate "2014.08.07"]
[EventType "swiss"]
[EventRounds "9"]
[EventCountry "ESP"]
[SourceTitle "CBM 162 Extra"]
[Source "ChessBase"]
[SourceDate "2014.10.17"]
[SourceVersion "1"]
[SourceVersionDate "2014.10.17"]
[SourceQuality "1"]

1. e4 g6 2. d4 Bg7 3. c4 d6 4. Nc3 Nd7 5. Nf3 Ngf6 6. Be2 e5 7. dxe5 dxe5 8. 0-0 0-0 9. Qc2 c6 10. Rd1 Qe7 11. a4 a5 12. b3 Nc5 13. Ba3 Nfd7 14. b4 axb4 15. Bxb4 Re8 16. a5 Qf6 17. Na4 Bf8 18. Nb6 Nxb6 19. axb6 Rxa1 20. Rxa1 Qd8 21. Ba5 Ne6 22. Rd1 Nd4 23. Nxd4 exd4 24. Bd3 Bg4 25. Rb1 c5 26. Bd2 Bd6 27. Qc1 Bd7 28. Bg5 f6 29. Bf4 Bc6 30. f3 Qb8 31. Bxd6 Qxd6 32. Qh6 Ra8 33. h4 Ra2 34. h5 Qg3 35. Bf1 Qf2+ 36. Kh1 Qh4+ 37. Kg1 Qxh5 38. Qf4 Qe5 39. Qg4 Kg7 40. Qc8 h5 41. Kh1 Kh6 42. Qf8+ Kg5 43. Qc8 Qf4 44. Qc7 h4 45. Qc8 Qg3 46. Qe6 h3 47. Kg1 Rxg2+ 0-1

[Event "Sanxenxo Carlos op 6th"]
[Site "Sanxenxo"]
[Date "2014.06.26"]
[Round "6"]
[White "Larino Nieto, David"]
[Black "Cruz Alvarez de Ron, Dan"]
[Result "0-1"]
[WhiteElo "2459"]
[BlackElo "2205"]
[PlyCount "82"]
[EventDate "2014.06.21"]
[EventType "swiss"]
[EventRounds "9"]
[EventCountry "ESP"]
[SourceTitle "CBM 161 Extra"]
[Source "ChessBase"]
[SourceDate "2014.08.29"]
[SourceVersion "1"]
[SourceVersionDate "2014.08.29"]
[SourceQuality "1"]

1. e4 Nf6 2. Nc3 e5 3. Bc4 Nxe4 4. Nxe4 d5 5. Bxd5 Qxd5 6. Qf3 Be6 7. Ng5 Qxf3 8. N1xf3 Bd5 9. 0-0 f6 10. Nh3 Nc6 11. c3 0-0-0 12. Ne1 Bc4 13. d3 Bxd3 14. Nxd3 Rxd3 15. Be3 Be7 16. Rfd1 Rhd8 17. Rxd3 Rxd3 18. Kf1 g5 19. Ke2 Rd8 20. Kf3 h5 21. Ke4 Rf8 22. Kf5 Bd6 23. Kg6 Ne7+ 24. Kg7 Nf5+ 25. Kg6 Nh4+ 26. Kg7 Nxg2 27. Rd1 Rd8 28. Rg1 Nxe3 29. fxe3 g4 30. Nf2 f5 31. Re1 h4 32. Kg6 g3 33. Nh3 f4 34. exf4 exf4 35. Ng1 Kd7 36. h3 Re8 37. Rf1 Bc5 38. Nf3 g2 39. Rd1+ Kc6 40. Kf5 Be3 41. a4 b6 0-1

[Event "Krakow op 21st"]
[Site "Krakow"]
[Date "2010.12.27"]
[Round "1"]
[White "Cruz Alvarez de Ron, Dan"]
[Black "Motyl, Tomasz"]
[Result "1-0"]
[WhiteElo "2273"]
[BlackElo "2035"]
[PlyCount "75"]
[EventDate "2010.12.27"]
[EventType "swiss"]
[EventRounds "9"]
[EventCountry "POL"]
[SourceTitle "CBM 140 Extra"]
[Source "ChessBase"]
[SourceDate "2011.03.01"]
[SourceVersion "1"]
[SourceVersionDate "2011.03.01"]
[SourceQuality "1"]

1. e4 g6 2. d4 d6 3. Nc3 a6 4. f4 b5 5. Nf3 Bb7 6. Bd3 b4 7. Ne2 Nf6 8. Ng3 Bg7 9. 0-0 0-0 10. Qe1 c5 11. dxc5 dxc5 12. e5 Nd5 13. f5 Qb6 14. Kh1 Nc6 15. e6 Nd4 16. exf7+ Rxf7 17. Ne5 c4 18. Nxc4 Qc7 19. fxg6 Rxf1+ 20. Nxf1 Rf8 21. Bg5 Nf4 22. Bxf4 Qxf4 23. Qg3 hxg6 24. Qxf4 Rxf4 25. Nfe3 Nf5 26. Nxf5 gxf5 27. Rf1 Rxf1+ 28. Bxf1 Kf7 29. Bd3 Ke6 30. b3 Be4 31. Bxe4 fxe4 32. Kg1 Kd5 33. Kf2 Kd4 34. h4 Kc3 35. Ke3 Kxc2 36. g4 Kb1 37. g5 Kxa2 38. Na5 1-0

[Event "Malaga op 12th"]
[Site "Malaga"]
[Date "2009.07.18"]
[Round "9"]
[White "Gutierrez Castillo, Paloma"]
[Black "Cruz Alvarez de Ron, Dan"]
[Result "0-1"]
[WhiteElo "2132"]
[BlackElo "2284"]
[PlyCount "84"]
[EventDate "2009.07.11"]
[EventType "swiss"]
[EventRounds "9"]
[EventCountry "ESP"]
[SourceTitle "CBM 131 Extra"]
[Source "ChessBase"]
[SourceDate "2009.09.03"]
[SourceVersion "2"]
[SourceVersionDate "2009.09.16"]
[SourceQuality "1"]

1. e4 g6 2. d4 Bg7 3. c3 d6 4. Bd3 Nd7 5. Nf3 e6 6. 0-0 Ne7 7. Bf4 b6 8. e5 d5 9. Nbd2 c5 10. h4 h6 11. h5 g5 12. Nxg5 hxg5 13. Bxg5 f6 14. h6 fxg5 15. Qh5+ Kf8 16. hxg7+ Kxg7 17. Qxg5+ Kf7 18. Qf4+ Ke8 19. Qg4 Nf8 20. f4 Nf5 21. Bxf5 exf5 22. Qf3 Be6 23. dxc5 bxc5 24. Nb3 Nd7 25. Rad1 Rc8 26. Rxd5 Bxd5 27. Qxd5 Nf8 28. Qc4 Qh4 29. Qa4+ Kf7 30. Qxa7+ Kg8 31. Qa4 c4 32. Nd4 Qh2+ 33. Kf2 Qxf4+ 34. Kg1 Qe3+ 35. Rf2 Qe1+ 36. Rf1 Rh1+ 37. Kxh1 Qxf1+ 38. Kh2 Rc7 39. Qa8 Rh7+ 40. Kg3 Rg7+ 41. Kh2 f4 42. Qd5+ Kh8 0-1

[Event "Malaga op 12th"]
[Site "Malaga"]
[Date "2009.07.17"]
[Round "8"]
[White "Cruz Alvarez de Ron, Dan"]
[Black "Cruz Ravina, Francisco Javier"]
[Result "1/2-1/2"]
[WhiteElo "2284"]
[BlackElo "2345"]
[PlyCount "47"]
[EventDate "2009.07.11"]
[EventType "swiss"]
[EventRounds "9"]
[EventCountry "ESP"]
[SourceTitle "CBM 131 Extra"]
[Source "ChessBase"]
[SourceDate "2009.09.03"]
[SourceVersion "2"]
[SourceVersionDate "2009.09.16"]
[SourceQuality "1"]

1. g3 d5 2. Bg2 Nf6 3. Nf3 g6 4. 0-0 Bg7 5. d4 0-0 6. c4 dxc4 7. Na3 c3 8. bxc3 c5 9. Nc4 Nc6 10. Nfe5 Nd5 11. Bb2 cxd4 12. cxd4 Nxe5 13. Nxe5 Nb6 14. Rc1 Bxe5 15. dxe5 Be6 16. Bxb7 Rb8 17. Bf3 Bxa2 18. Ba3 Bd5 19. Bxd5 Nxd5 20. e4 Nb4 21. Qxd8 Rfxd8 22. Rc7 a5 23. Rxe7 Rd3 24. Bc1 1/2-1/2

[Event "EU Union-ch 4th"]
[Site "Liverpool"]
[Date "2008.09.13"]
[Round "5"]
[White "Cruz Alvarez de Ron, Dan"]
[Black "Brown, Martin"]
[Result "1-0"]
[WhiteElo "2278"]
[BlackElo "2072"]
[PlyCount "131"]
[EventDate "2008.09.09"]
[EventType "swiss"]
[EventRounds "10"]
[EventCountry "ENG"]
[SourceTitle "CBM 126 Extra"]
[Source "ChessBase"]
[SourceDate "2008.11.05"]
[SourceVersion "1"]
[SourceVersionDate "2008.11.05"]
[SourceQuality "1"]

1. g3 d5 2. Bg2 e5 3. d3 c6 4. Nd2 Bd6 5. e4 Nf6 6. Ne2 dxe4 7. dxe4 0-0 8. 0-0 Bc7 9. b3 b5 10. Ba3 Bd6 11. Bb2 Qe7 12. a4 Rd8 13. Qc1 b4 14. h3 Ba6 15. Re1 Nbd7 16. g4 Nf8 17. Ng3 g6 18. Nf3 N6d7 19. Qh6 Ne6 20. Rad1 Bc7 21. Rd2 f6 22. Red1 Ndf8 23. h4 Rxd2 24. Rxd2 Rd8 25. Rxd8 Nxd8 26. Qd2 Qd6 27. Bf1 Qxd2 28. Nxd2 Bxf1 29. Kxf1 Nfe6 30. Nc4 Nd4 31. Bxd4 exd4 32. Ne2 Ne6 33. Ke1 c5 34. Kd2 Kf8 35. Kd3 Ke7 36. Nb2 Kd7 37. Kc4 Kc6 38. Nd3 Bd6 39. f4 Nf8 40. Nf2 Nd7 41. Kd3 h6 42. h5 g5 43. e5 Bc7 44. e6 Nb6 45. Ke4 Kd6 46. Kf5 Ke7 47. fxg5 fxg5 48. Kg6 Nd5 49. Kxh6 Ne3 50. Kxg5 Nxc2 51. Nd3 c4 52. bxc4 Kxe6 53. Kg6 b3 54. h6 Be5 55. h7 Bh8 56. g5 Nb4 57. Nc5+ Ke7 58. Nxb3 d3 59. Nf4 Kd6 60. Kf7 Nc6 61. Nxd3 Nd8+ 62. Kg8 Ke7 63. Kxh8 Kf8 64. g6 Ne6 65. Nbc5 Ng7 66. Nd7+ 1-0

[Event "EU Union-ch 4th"]
[Site "Liverpool"]
[Date "2008.09.12"]
[Round "4"]
[White "Carlsson, Pontus"]
[Black "Cruz Alvarez de Ron, Dan"]
[Result "1-0"]
[WhiteElo "2514"]
[BlackElo "2278"]
[PlyCount "85"]
[EventDate "2008.09.09"]
[EventType "swiss"]
[EventRounds "10"]
[EventCountry "ENG"]
[SourceTitle "CBM 126 Extra"]
[Source "ChessBase"]
[SourceDate "2008.11.05"]
[SourceVersion "1"]
[SourceVersionDate "2008.11.05"]
[SourceQuality "1"]

1. e4 e6 2. d4 d5 3. Nd2 dxe4 4. Nxe4 Bd7 5. Nf3 Bc6 6. Bd3 Nd7 7. 0-0 Be7 8. c3 Ngf6 9. Ned2 b6 10. a4 a5 11. Qe2 0-0 12. Nc4 Bb7 13. Rd1 Qc8 14. Bf4 Re8 15. h3 Nf8 16. Nfe5 Ng6 17. Bh2 Nd7 18. Nf3 Nf6 19. Nce5 Nd5 20. Bb5 c6 21. Bc4 Nxe5 22. Nxe5 Bd6 23. Bd3 Qc7 24. Qh5 g6 25. Qh4 f6 26. Ng4 Bxh2+ 27. Nxh2 f5 28. Nf3 Qf4 29. Qxf4 Nxf4 30. Bf1 c5 31. Ne5 cxd4 32. Rxd4 Nd5 33. Rad1 Re7 34. c4 Nf6 35. Rd6 Be4 36. R1d2 Rb8 37. f3 Ba8 38. Rd8+ Re8 39. Rxb8 Rxb8 40. Rd6 Ne8 41. Rxe6 Nc7 42. Re7 Na6 43. Nd7 1-0

[Event "Malaga op 11th"]
[Site "Malaga"]
[Date "2008.03.01"]
[Round "9"]
[White "Doric, Darko"]
[Black "Cruz Alvarez de Ron, Dan"]
[Result "0-1"]
[WhiteElo "2465"]
[BlackElo "2246"]
[PlyCount "100"]
[EventDate "2008.02.23"]
[EventType "swiss"]
[EventRounds "9"]
[EventCountry "ESP"]
[SourceTitle "CBM 123 Extra"]
[Source "ChessBase"]
[SourceDate "2008.05.06"]
[SourceVersion "1"]
[SourceVersionDate "2008.05.06"]
[SourceQuality "1"]

1. d4 e6 2. e4 d5 3. Nc3 dxe4 4. Nxe4 Bd7 5. Nf3 Bc6 6. Bd3 Nd7 7. 0-0 Be7 8. b3 Ngf6 9. Ng3 b6 10. Bb2 0-0 11. c4 Re8 12. Qe2 Bb7 13. Rad1 Qc8 14. Ne5 c5 15. Nxd7 Qxd7 16. dxc5 Qc6 17. f4 Qxc5+ 18. Kh1 Rad8 19. Bb1 Rxd1 20. Rxd1 Rd8 21. Rxd8+ Bxd8 22. f5 exf5 23. Nxf5 Qc6 24. Qd2 Ne8 25. Nxg7 Qxg2+ 26. Qxg2 Bxg2+ 27. Kxg2 Nxg7 28. Kf3 Bc7 29. h3 f5 30. Ba3 Kf7 31. c5 bxc5 32. Bxc5 a5 33. Be3 Kf6 34. Bd4+ Kg6 35. Bc3 Ne6 36. b4 Bb6 37. Bd3 Bd8 38. Bc4 Nc5 39. Be1 Ne4 40. Bd5 Nf6 41. Bc6 Ng4 42. Be8+ Kf6 43. Bc3+ Ke6 44. Bb5 Ne5+ 45. Ke3 Kd5 46. Be1 Bc7 47. Ba6 f4+ 48. Ke2 f3+ 49. Kf1 Ke4 50. Bg3 Ke3 0-1